The Oxford handbook of Nigerian politics / (Record no. 3378)
[ view plain ]
| 000 -LEADER | |
|---|---|
| fixed length control field | 01536cam a2200205 i 4500 |
| 008 - FIXED-LENGTH DATA ELEMENTS--GENERAL INFORMATION | |
| fixed length control field | 180627t20182018nyu b 001 0 eng d |
| 020 ## - INTERNATIONAL STANDARD BOOK NUMBER | |
| ISBN | 9780198804307 |
| 020 ## - INTERNATIONAL STANDARD BOOK NUMBER | |
| ISBN | 019880430X |
| 100 ## - MAIN ENTRY--AUTHOR | |
| Author | Levan A. Carl |
| 245 04 - TITLE STATEMENT | |
| Title | The Oxford handbook of Nigerian politics / |
| Statement of responsibility, etc | edited by A. Carl Levan and Patrick Ukata. |
| 260 ## - PUBLICATION, DISTRIBUTION, ETC. (IMPRINT) | |
| Place of publication | United Kingdom |
| Name of publisher | Oxford University Press |
| Date of publication | 2018 |
| 300 ## - COLLATION | |
| Pagination | xxiii, 801 pages ; |
| 520 8# - SUMMARY, ETC. | |
| Summary, etc | The Oxford Handbook of Nigerian Politics offers a comprehensive analysis of Nigeria's very rich history and ever changing politics to its readers. It provides a deep understanding of Nigeria's socio-political evolution and experience by covering broad range of political issues and historical eras. 0The volume encompasses 44 chapters organized thematically into essays covering history, political institutions, civil society, economic and social policy, identity and insecurity, and Nigeria in a globalized world. By identifying many of the classic debates in Nigerian politics, the chapters serve as an authoritative introduction to Africa's most populous country. The chapters are interdisciplinary, introducing readers to classic debates and key research on Nigeria, as well as new methodologies, new data, and a compelling corpus of research questions for the next generation of researchers and readers interested in Africa. |
| 650 #7 - TRACINGS | |
| Main Subject | Politics and government. |
| Subdivision (1st) | Nigeria History |
| 700 1# - ADDITIONAL AUTHOR | |
| Additional Author | LeVan, A. Carl, |
| 700 1# - ADDITIONAL AUTHOR | |
| Additional Author | Ukata, Patrick, |
| 942 ## - ADDED ENTRY ELEMENTS (KOHA) | |
| Item type | Books |
| 050 00 - LIBRARY OF CONGRESS CALL NUMBER | |
| Classification number | JQ3090 |
| Item number | .O93 2018 |
| 082 04 - DEWEY DECIMAL CLASSIFICATION NUMBER | |
| Classification number | 966.9 |
| Source of classification or shelving scheme | Not for loan | Permanent location | Current location | Date acquired | Accession No. | Full call number | Barcode. | Koha item type |
|---|---|---|---|---|---|---|---|---|
| Library of Congress Classification | Samuel Ogbemudia Main Library, University of Abuja | Samuel Ogbemudia Main Library, University of Abuja | 05/12/2025 | 2024/64098 | JQ3090.O93 | 2025-1848 | Books |